|
|
|
|
| LEADER |
01268nam a2200265 a 4500 |
| 001 |
4981073 |
| 008 |
090618s1999 nyua b 001 0 eng d |
| 010 |
|
|
|a 98035142
|
| 020 |
|
|
|a 0471316350 (cloth : alk. paper)
|
| 040 |
|
|
|a DLC
|c DLC
|d DLC
|
| 082 |
0 |
0 |
|a 658.4/092
|2 21
|
| 100 |
1 |
|
|a Heenan, David A.
|
| 245 |
1 |
0 |
|a Co-leaders :
|b the power of great partnerships /
|c David A. Heenan & Warren Bennis.
|
| 260 |
|
|
|a New York :
|b John Wiley,
|c c1999.
|
| 300 |
|
|
|a viii, 312 p. :
|b ill. ;
|c 24 cm.
|
| 504 |
|
|
|a Includes bibliographical references (p. 283-304) and index.
|
| 541 |
1 |
|
|e 00007946
|
| 650 |
|
0 |
|a Leadership.
|
| 650 |
|
0 |
|a Chief executive officers.
|
| 700 |
1 |
|
|a Bennis, Warren G.
|
| 852 |
4 |
|
|a Ayesha Abed Library
|j General Shelf.
|
| 999 |
|
|
|c 1796
|d 1796
|
| 952 |
|
|
|0 0
|1 0
|2 ddc
|4 0
|6 658_409200000000000_HEE_1999
|7 0
|9 1645
|a BRACUL
|b BRACUL
|c GEN
|d 2009-06-29
|g 0.00
|l 0
|o 658.4092 HEE
|p 3010007946
|r 2009-06-29
|t 1
|w 2009-06-29
|y BK
|x No price found in the accession register.
|
| 952 |
|
|
|0 0
|1 0
|2 ddc
|4 0
|6 658_409200000000000_HEE_1999
|7 0
|9 9143
|a BRACUL
|b BRACUL
|c GEN
|d 2010-04-11
|l 0
|o 658.4092 HEE
|p 3010007947
|r 2010-04-11
|t 2
|w 2010-04-11
|y BK
|
| 952 |
|
|
|0 0
|1 0
|2 ddc
|4 0
|6 658_409200000000000_HEE
|7 0
|9 43276
|a SCL
|b SCL
|c GEN
|d 2000-12-12
|l 0
|o 658.4092 HEE
|p 3020002990
|r 2014-07-19
|t 3
|w 2014-07-19
|y BK
|